| 000 | 01189nam a22002657i 4500 | ||
|---|---|---|---|
| 999 |
_c23640 _d23640 |
||
| 003 | AR-CdUCM | ||
| 008 | 260427b20212021 pe||||| |||| 00| 0 spa d | ||
| 020 | _a978-84-267-3352-8 | ||
| 040 |
_aMUNICIPALIDAD PROVINCIAL DEL CUSCO _cBIBLIOTECA MUNICIPAL DEL CUSCO |
||
| 041 | _hspa | ||
| 082 |
_a332.024 _bJ54 |
||
| 100 |
_aJiménez Largo, Iñaki _952711 |
||
| 245 |
_aEducación financiera : _bMueve tu dinero / |
||
| 260 |
_aEspaña: _bMARCOMBO S. A. _c2021 |
||
| 300 |
_a92 páginas. : _c21x15 cm. |
||
| 505 | _aPorque la educación financiera es importante para ti? -- La magia del interés compuesto -- Objetivo final: rentabilidad -- El monstruo de la inflación -- panorama covid-19 | ||
| 650 |
_aAhorro _96734 |
||
| 650 |
_aGastar no es lo mismo que invertir _952712 |
||
| 650 |
_aLiquidez _952713 |
||
| 650 |
_aRentabilidad _94180 |
||
| 650 |
_aEndeudamiento _952714 |
||
| 856 | _fwww.marcombo.com | ||
| 942 |
_2ddc _cLIBROS |
||
| 945 |
_apbjr _d27-04-2026 |
||